000 00661nam a22001817a 4500
999 _c16607
_d16607
003 OSt
005 20171109151921.0
008 171107b xxu||||| |||| 00| 0 eng d
020 _a9966463690
040 _aKABU
_cKABU
050 _aPL8704
_b.W35M35 1988
100 _aWallah, Wallah Bin
245 _aMalenga wa ziwa kuu :
_bmaswahili na istilahi za kifasihi /
_cWallah Bin Wallah
260 _aNairobi
_bEast African Educational Publishers
_c1988
300 _axxxi, 171 p.
650 _vSwahili poetry
942 _2lcc
_cBK
_hPL8704
_i.W35M35 1988